Normal view
MARC view
Entry Personal Name
001 - CONTROL NUMBER
- control field: 1164672
003 - CONTROL NUMBER IDENTIFIER
- control field: OSt
005 - DATE AND TIME OF LATEST TRANSACTION
- control field: 20260324122004.0
008 - FIXED-LENGTH DATA ELEMENTS
- fixed length control field: 260324|| aca||aabn | a|a d
040 ## - CATALOGING SOURCE
- Original cataloging agency: OSt
- Transcribing agency: OSt
100 ## - HEADING--PERSONAL NAME
- Personal name: Danijel Mocibob; Jan Belis; Christian Louter
670 ## - SOURCE DATA FOUND
- Source citation: Work cat.: (OSt)1757095: Danijel Mocibob; Jan Belis; Christian Louter, COST Action TU0905 Mid-term Conference on Structural Glass
